000 00307nam a22001337a 4500
008 170403b xxu||||| |||| 00| 0 eng d
020 _a0721646077
041 _aeng
080 _a574
100 _a9
101 _aSHM
245 _aREADINGS IN POPULATION AND COMMUNITY ECOLOGY
_cHAZEN
942 _2udc
_cBK
999 _c9486
_d9486